00697nam a2200253Ia 450000500170000000800460001702000180006303700100008104000080009104000080009904000080010704100080011504100080012308400080013110000200013924500660015926000310022526000090025665000160026585600400028194200100032199900210033195200910035220260306163541.0008 260114s9999 xx 000 0 eng d a9781474495424 aEBOOK aCRL beng cCRL 2eng aeng qCRL aGitler91128871 0aArchitectural Culture In British-mandate Jerusalem, 1917-1948 bEdinburgh University Press c2022 aSocial Work uhttps://academic.oup.com/book/42229 cEBOOK c1710551d1710551 00104070aCRLbCRLd2026-03-06l0pCL2003072r2026-03-06 16:35:41w2026-03-06yEBOOK